Adverse weather conditions at Lusaka, Ndola and Livingstone and simultaneity of their occurrence (Record no. 33626)

MARC details
000 -LEADER
fixed length control field 00844nam a2200193 a 4500
008 - FIXED-LENGTH DATA ELEMENTS--GENERAL INFORMATION
fixed length control field 090615s1973 ||||||||||||||||| || u
050 ## - LIBRARY OF CONGRESS CALL NUMBER
Classification number GOV.ZAM(08)TM/1
100 ## - MAIN ENTRY--PERSONAL NAME
Personal name Bhalotra, Y. P. R
245 10 - TITLE STATEMENT
Title Adverse weather conditions at Lusaka, Ndola and Livingstone and simultaneity of their occurrence
Statement of responsibility, etc. By Y. P. R. Bhalotra
260 ## - PUBLICATION, DISTRIBUTION, ETC.
Place of publication, distribution, etc. Lusaka:
Name of publisher, distributor, etc. Government Printer
Date of publication, distribution, etc. 1973
300 ## - PHYSICAL DESCRIPTION
Extent 72p.: ill.
350 ## - PRICE (NR) (BK AM CF MU VM SE) [OBSOLETE]
Price 0.00
490 ## - SERIES STATEMENT
Series statement Zambia Meteorological Department, Technical Memorandum
500 ## - GENERAL NOTE
General note Technical Memorandum No. 1
650 ## - SUBJECT ADDED ENTRY--TOPICAL TERM
Topical term or geographic name entry element WEATHER FORECASTING--ZAMBIA
650 ## - SUBJECT ADDED ENTRY--TOPICAL TERM
Topical term or geographic name entry element METEOROLOGY--ZAMBIA
710 ## - ADDED ENTRY--CORPORATE NAME
Corporate name or jurisdiction name as entry element Government of the Republic of Zambia. Meteorological Department
995 ## - RECOMMENDATION 995 [LOCAL, UNIMARC FRANCE]
-- 0.00
-- CBU-MAIN LIBRARY (Kitwe)
-- 1
-- 0.00
-- 1
-- AVAILABLE
-- Jun 15, 2009
-- Zambiana Collection
Holdings
Withdrawn status Lost status Source of classification or shelving scheme Damaged status Not for loan Home library Current library Shelving location Date acquired Total Checkouts Full call number Barcode Date last seen Price effective from Koha item type
          CBU-MAIN LIBRARY, KITWE. CBU-MAIN LIBRARY, KITWE.   11/30/2022   GOV.ZAM(08)TM/1 03004119 11/30/2022 11/30/2022 MONOGRAPH